| 000 | 00450nam a2200157 i 4500 | ||
|---|---|---|---|
| 001 | 25012 | ||
| 003 | ES-MaACL | ||
| 005 | 20230906153159.0 | ||
| 007 | t| | ||
| 008 | 021219m19091912fr ||||1| fre d | ||
| 100 | 1 |
_aAppy, F. _922122 |
|
| 245 | 1 | 3 |
_aLa vie de l'humanité sur le terre / _cF. Appy. |
| 260 |
_aParis, etc : _bFischbacher, etc., _c1909-1912 ( _eSaint Amand : _fDaniel Chambon) |
||
| 300 |
_a3 v. ; _c23 cm. |
||
| 852 |
_aES-MaACL _jF-664-66 |
||
| 999 |
_c25012 _d25012 |
||